[Event "DOM-ch (Women)"]
[Site "Santo Domingo"]
[Date "2021.04.10"]
[Round "3"]
[White "Yege Pena, Ayesha Diane"]
[Black "Sanchez Jaspez, Rosangel"]
[Result "0-1"]
[WhiteElo "1449"]
[BlackElo "1442"]
[PlyCount "56"]
[EventDate "2021.04.09"]
[EventType "swiss"]
[EventRounds "8"]
[EventCountry "DOM"]
[SourceTitle "CBM 202 Extra"]
[Source "ChessBase"]
[SourceDate "2021.07.31"]
[SourceVersion "1"]
[SourceVersionDate "2021.07.31"]
[SourceQuality "1"]

1. e4 e5 2. Nf3 d6 3. Bc4 Be7 4. Nc3 c6 5. 0-0 Nf6 6. d4 Nbd7 7. dxe5 dxe5 8. h3 0-0 9. Bg5 Qc7 10. a3 b5 11. Ba2 Re8 12. Qd2 Nf8 13. Rad1 Ng6 14. Qe2 Nh5 15. Be3 Nhf4 16. Bxf4 Nxf4 17. Qe3 h6 18. Ne2 Ng6 19. Qc3 a5 20. Bd5 Bb7 21. Ba2 Ba6 22. b4 Bc8 23. h4 Bf8 24. h5 Nf4 25. Nxf4 exf4 26. Bd5 Bb7 27. Nd4 Qe5 28. Nxc6 Qxc3 0-1

[Event "DOM-ch (Women)"]
[Site "Santo Domingo"]
[Date "2018.03.16"]
[Round "5"]
[White "Calderon Mejia, Yokauri"]
[Black "Yege Pena, Ayesha Diane"]
[Result "1-0"]
[WhiteElo "1466"]
[BlackElo "1488"]
[PlyCount "57"]
[EventDate "2018.03.09"]
[EventType "swiss"]
[EventRounds "8"]
[EventCountry "DOM"]
[SourceTitle "CBM 183 Extra"]
[Source "ChessBase"]
[SourceDate "2018.04.19"]
[SourceVersion "1"]
[SourceVersionDate "2018.04.19"]
[SourceQuality "1"]

1. e4 e5 2. Nf3 Nf6 3. Nxe5 d6 4. Nf3 Nxe4 5. d3 Nf6 6. Bg5 Be7 7. Nc3 0-0 8. Be2 Nc6 9. 0-0 Ng4 10. Bxe7 Nxe7 11. h3 Nf6 12. d4 Ng6 13. Qd2 Re8 14. Rfe1 Bf5 15. Bd3 Bxd3 16. Qxd3 Qd7 17. Qd2 d5 18. Rxe8+ Rxe8 19. Re1 b5 20. Rxe8+ Nxe8 21. Ne5 Nxe5 22. dxe5 c6 23. Qf4 Qe6 24. b3 Nc7 25. Ne2 Qe7 26. Nd4 Qe8 27. Nf5 Qd7 28. Qg4 g6 29. Nh6+ 1-0

[Event "DOM-chT"]
[Site "Santiago de los Caballeros"]
[Date "2017.08.18"]
[Round "2.4"]
[White "Amparo Acosta, Walther Antonio"]
[Black "Yege Pena, Ayesha Diane"]
[Result "1-0"]
[WhiteElo "1720"]
[BlackElo "1588"]
[PlyCount "33"]
[EventDate "2017.08.17"]
[EventType "team-swiss"]
[EventRounds "6"]
[EventCountry "DOM"]
[SourceTitle "EXT 2019"]
[Source "ChessBase"]
[SourceDate "2018.10.10"]
[SourceVersion "1"]
[SourceVersionDate "2018.10.10"]
[SourceQuality "1"]
[WhiteTeam "Hermanas Mirabal"]
[BlackTeam "Monte Cristi"]
[WhiteTeamCountry "DOM"]
[BlackTeamCountry "DOM"]

1. e4 e5 2. Nf3 Nf6 3. Nc3 Bb4 4. Bc4 0-0 5. d3 d5 6. exd5 Nxd5 7. Bd2 Nxc3 8. bxc3 Ba5 9. 0-0 Nc6 10. Re1 Qd6 11. Ng5 Nd8 12. Qh5 h6 13. Ne4 Qc6 14. Re3 Be6 15. Nf6+ Kh8 16. Rg3 Bxc4 17. Bxh6 1-0

[Event "Santo Domingo Duarte Memorial 6th"]
[Site "Santo Domingo"]
[Date "2017.02.03"]
[Round "5"]
[White "Barias Florentino, Juan Thomas"]
[Black "Yege Pena, Ayesha Diane"]
[Result "0-1"]
[WhiteElo "1768"]
[BlackElo "1354"]
[PlyCount "125"]
[EventDate "2017.01.27"]
[EventType "swiss"]
[EventRounds "8"]
[EventCountry "DOM"]
[SourceTitle "CBM 176 Extra"]
[Source "ChessBase"]
[SourceDate "2017.03.02"]
[SourceVersion "1"]
[SourceVersionDate "2017.03.02"]
[SourceQuality "1"]

1. e4 e5 2. Nf3 Nf6 3. Nc3 Bb4 4. Bc4 Nxe4 5. Nxe4 d5 6. Bb3 dxe4 7. Nxe5 Be6 8. Nc4 0-0 9. 0-0 Nc6 10. c3 Bc5 11. Qe2 Qd3 12. Re1 Qxe2 13. Rxe2 f5 14. d4 Rfd8 15. f3 Bb6 16. fxe4 fxe4 17. Rxe4 Bd5 18. Rg4 Kh8 19. Bf4 Rd7 20. Nxb6 cxb6 21. Bxd5 Rxd5 22. Re1 h6 23. Be5 Nxe5 24. Rxe5 Rxe5 25. dxe5 Re8 26. Re4 Kh7 27. Kf2 Kg6 28. g4 Kf7 29. Kg3 Ke6 30. Kf4 Rf8+ 31. Ke3 g5 32. Kd4 Rd8+ 33. Ke3 Rd7 34. c4 Rd1 35. Rd4 Re1+ 36. Kd3 Rxe5 37. Re4 Rxe4 38. Kxe4 a6 39. b3 b5 40. c5 a5 41. Kd4 Kd7 42. Kd5 a4 43. b4 Kc7 44. a3 Kd7 45. Ke5 Kc6 46. Kf5 Kd5 47. Kg6 Kc4 48. Kxh6 Kb3 49. h4 Kxa3 50. hxg5 Kxb4 51. g6 a3 52. g7 a2 53. g8Q a1Q 54. Qg7 Qc1+ 55. Qg5 Qxc5 56. Qxc5+ Kxc5 57. g5 b4 58. g6 b3 59. g7 b2 60. g8Q b1Q 61. Qg5+ Kb6 62. Qg6+ Qxg6+ 63. Kxg6 0-1